[Event "Dvorkovich Memorial op"]
[Site "Taganrog"]
[Date "2017.01.14"]
[Round "2"]
[White "Morozov, Boris Nikolaevich"]
[Black "Murzin, Volodar"]
[Result "0-1"]
[WhiteElo "1706"]
[BlackElo "2061"]
[PlyCount "80"]
[EventDate "2017.01.13"]
[EventType "swiss"]
[EventRounds "9"]
[EventCountry "RUS"]
[SourceTitle "CBM 176 Extra"]
[Source "ChessBase"]
[SourceDate "2017.03.02"]
[SourceVersion "1"]
[SourceVersionDate "2017.03.02"]
[SourceQuality "1"]

1. e4 c5 2. Nf3 d6 3. d4 cxd4 4. Nxd4 Nf6 5. Nc3 a6 6. Be2 e5 7. Nb3 Be7 8. 0-0 0-0 9. Be3 Be6 10. f4 exf4 11. Rxf4 Nc6 12. Nd4 Nxd4 13. Bxd4 Rc8 14. a4 Nd7 15. Kh1 Ne5 16. a5 Bg5 17. Rf1 Nc6 18. Bb6 Qe7 19. Ra4 Bf6 20. Ra3 Be5 21. g3 g6 22. Qd2 Rfe8 23. Nd1 Bh3 24. Rf2 Bd4 25. Bxd4 Qxe4+ 26. Kg1 Qxd4 27. Rd3 Qb4 28. c3 Qa4 29. b3 Rxe2 30. Qxe2 Qg4 31. Qxg4 Bxg4 32. Ne3 Be6 33. b4 Ne5 34. Rxd6 Rxc3 35. Nd5 Rb3 36. Rf4 Rb1+ 37. Kg2 Rb2+ 38. Kg1 Bh3 39. Nf6+ Kg7 40. Rd1 g5 0-1

[Event "Dvorkovich Memorial op"]
[Site "Taganrog"]
[Date "2017.01.13"]
[Round "1"]
[White "Ibadov, Dashgyn"]
[Black "Morozov, Boris Nikolaevich"]
[Result "1-0"]
[WhiteElo "2292"]
[BlackElo "1706"]
[PlyCount "49"]
[EventDate "2017.01.13"]
[EventType "swiss"]
[EventRounds "9"]
[EventCountry "RUS"]
[SourceTitle "CBM 176 Extra"]
[Source "ChessBase"]
[SourceDate "2017.03.02"]
[SourceVersion "1"]
[SourceVersionDate "2017.03.02"]
[SourceQuality "1"]

1. e4 Nf6 2. e5 Nd5 3. d4 d6 4. c4 Nb6 5. exd6 cxd6 6. Nc3 g6 7. Be3 Bg7 8. Rc1 Nc6 9. b3 0-0 10. d5 Ne5 11. Be2 f5 12. Nh3 e6 13. dxe6 Bxe6 14. 0-0 Kh8 15. Nb5 d5 16. Nf4 Re8 17. cxd5 Nxd5 18. Nxd5 Qxd5 19. Qxd5 Bxd5 20. Nc7 Bc6 21. Nxa8 Rxa8 22. Rfd1 Kg8 23. h3 Kf7 24. f4 Nd7 25. Rxc6 1-0

[Event "Voronezh op-B 20th"]
[Site "Voronezh"]
[Date "2016.06.16"]
[Round "5"]
[White "Morozov, Boris Nikolaevich"]
[Black "Knyazev, Pavel"]
[Result "0-1"]
[WhiteElo "1764"]
[BlackElo "1676"]
[PlyCount "70"]
[EventDate "2016.06.12"]
[EventType "swiss"]
[EventRounds "9"]
[EventCountry "RUS"]
[SourceTitle "EXT 2017"]
[Source "ChessBase"]
[SourceDate "2016.10.25"]
[SourceVersion "1"]
[SourceVersionDate "2016.10.25"]
[SourceQuality "1"]

1. e4 c6 2. d4 d5 3. Bd3 dxe4 4. Bxe4 Nf6 5. Bf3 e6 6. c3 Bd6 7. Bg5 h6 8. Bh4 Nbd7 9. Nd2 Be7 10. Nc4 Nb6 11. Ne5 0-0 12. g4 Nfd5 13. Bxe7 Qxe7 14. h4 Nf4 15. g5 f6 16. gxf6 Qxf6 17. Qc2 Nd7 18. Be4 Nxe5 19. dxe5 Qxe5 20. 0-0-0 Nd5 21. Nh3 Nf4 22. Bh7+ Kh8 23. Rde1 Qf6 24. Ng5 Ng2 25. Bg8 Qf5 26. Re4 Kxg8 27. Nh3 Qf3 28. Ng5 hxg5 29. hxg5 Qxf2 30. Re2 Qf4+ 31. Kb1 Qf5 32. Rxg2 Qxc2+ 33. Kxc2 e5 34. Rgh2 Bf5+ 35. Kb3 Kf7 0-1

[Event "Chigorin Memorial 23rd"]
[Site "St Petersburg"]
[Date "2015.10.06"]
[Round "4"]
[White "Zvereva, Svetlana"]
[Black "Morozov, Boris Nikolaevich"]
[Result "0-1"]
[WhiteElo "1545"]
[BlackElo "1770"]
[PlyCount "94"]
[EventDate "2015.10.03"]
[EventType "swiss"]
[EventRounds "9"]
[EventCountry "RUS"]
[SourceTitle "CBM 168 Extra"]
[Source "ChessBase"]
[SourceDate "2015.10.29"]
[SourceVersion "1"]
[SourceVersionDate "2015.10.29"]
[SourceQuality "1"]

1. e4 e5 2. Nf3 Nc6 3. Bc4 Nf6 4. d4 exd4 5. 0-0 Nxe4 6. Re1 d5 7. Bxd5 Qxd5 8. Nc3 Qa5 9. Nxe4 Be6 10. Neg5 0-0-0 11. Nxe6 fxe6 12. Rxe6 Qf5 13. Qe1 Bb4 14. Qe4 Qxe4 15. Rxe4 Rhe8 16. Rxe8 Rxe8 17. Kf1 h6 18. Bf4 Re4 19. Bg3 Be7 20. a3 Bf6 21. Ne1 Ne7 22. f3 Re6 23. Nd3 Nf5 24. Bf2 b6 25. Re1 Rxe1+ 26. Kxe1 c5 27. b3 Kd7 28. Ke2 Kc6 29. g4 Nd6 30. Bg3 b5 31. Be5 Bxe5 32. Nxe5+ Kd5 33. Nd3 c4 34. Nf4+ Ke5 35. Ng6+ Kf6 36. Nf8 g5 37. Nd7+ Ke6 38. Nc5+ Kd5 39. Nd7 Nf7 40. Nf6+ Ke6 41. Ne4 Ne5 42. Nd2 Kd5 43. Kf2 d3 44. c3 cxb3 45. Ke3 b2 46. h3 Nc4+ 47. Kxd3 Nxd2 0-1

[Event "Chigorin Memorial 22nd"]
[Site "St Petersburg"]
[Date "2014.10.25"]
[Round "8"]
[White "Morozov, Boris Nikolaevich"]
[Black "Kopasov, Evgeny Aleksandrovi"]
[Result "0-1"]
[WhiteElo "1805"]
[BlackElo "1997"]
[PlyCount "54"]
[EventDate "2014.10.18"]
[EventType "swiss"]
[EventRounds "9"]
[EventCountry "RUS"]
[SourceTitle "EXT 2015"]
[Source "ChessBase"]
[SourceDate "2014.11.20"]
[SourceVersion "1"]
[SourceVersionDate "2014.11.20"]
[SourceQuality "1"]

1. e4 c5 2. Nf3 Nc6 3. d4 cxd4 4. Nxd4 Nf6 5. Nc3 d6 6. Be2 e5 7. Nb3 Be7 8. 0-0 0-0 9. Be3 a5 10. f4 a4 11. Nc1 exf4 12. Rxf4 a3 13. b3 Ne5 14. Bd4 Be6 15. Bd3 Nc6 16. Be3 d5 17. exd5 Nxd5 18. Nxd5 Qxd5 19. c4 Qe5 20. Bd2 Qxa1 21. Qc2 Qb2 22. Bxh7+ Kh8 23. Qe4 Qxd2 24. Nd3 Qd1+ 25. Kf2 Qh5 26. Bf5 Bxf5 27. Rxf5 Qh4+ 0-1

[Event "Khanty-Mansiysk Governor Cup-B 8th"]
[Site "Khanty-Mansiysk"]
[Date "2012.11.23"]
[Round "9"]
[White "Grishin, Yury"]
[Black "Morozov, Boris Nikolaevich"]
[Result "1-0"]
[WhiteElo "1986"]
[BlackElo "1948"]
[PlyCount "41"]
[EventDate "2012.11.15"]
[EventType "swiss"]
[EventRounds "9"]
[EventCountry "RUS"]
[SourceTitle "CBM 151 Extra"]
[Source "ChessBase"]
[SourceDate "2012.12.18"]
[SourceVersion "1"]
[SourceVersionDate "2012.12.18"]
[SourceQuality "1"]

1. e4 e5 2. Nf3 Nc6 3. Bb5 a6 4. Ba4 Nf6 5. 0-0 Be7 6. Re1 b5 7. Bb3 0-0 8. c3 d5 9. exd5 e4 10. dxc6 exf3 11. g3 Bg4 12. d4 Nh5 13. Nd2 Kh8 14. Nxf3 f5 15. Qd3 f4 16. Ne5 Bf5 17. Qe2 f3 18. Qxf3 Bg6 19. Nxg6+ hxg6 20. Qe4 Qd6 21. Qxe7 1-0

[Event "Moscow op-E"]
[Site "Moscow"]
[Date "2011.02.02"]
[Round "5.19"]
[White "Morozov, Boris Nikolaevich"]
[Black "Tersinsev, Andrey"]
[Result "0-1"]
[WhiteElo "1957"]
[BlackElo "1785"]
[PlyCount "50"]
[EventDate "2011.01.29"]
[EventType "swiss"]
[EventRounds "9"]
[EventCountry "RUS"]
[SourceTitle "EXT 2022"]
[Source "ChessBase"]
[SourceDate "2021.10.06"]
[SourceVersion "1"]
[SourceVersionDate "2021.10.06"]
[SourceQuality "1"]

1. e4 c5 2. Nf3 Nc6 3. d4 cxd4 4. Nxd4 e5 5. Nb5 d6 6. a4 a6 7. N5c3 Nf6 8. Na3 Be6 9. Bg5 Be7 10. g3 0-0 11. Bxf6 Bxf6 12. Bg2 Nd4 13. 0-0 b5 14. Nd5 Bxd5 15. exd5 b4 16. Nc4 Rc8 17. Ne3 Bg5 18. h4 Bxe3 19. fxe3 Nxc2 20. Qd3 Nxa1 21. Rxa1 a5 22. Rf1 Qc7 23. Be4 h6 24. Bh7+ Kh8 25. Bf5 g6 0-1

[Event "Izmailov Memorial op 12th"]
[Site "Tomsk"]
[Date "2008.06.28"]
[Round "5"]
[White "Shapran, Nikita"]
[Black "Morozov, Boris Nikolaevich"]
[Result "1/2-1/2"]
[WhiteElo "1892"]
[BlackElo "1998"]
[PlyCount "67"]
[EventDate "2008.06.25"]
[EventType "swiss"]
[EventRounds "9"]
[EventCountry "RUS"]
[SourceTitle "CBM 125 Extra"]
[Source "ChessBase"]
[SourceDate "2008.09.01"]
[SourceVersion "1"]
[SourceVersionDate "2008.09.01"]
[SourceQuality "1"]

1. d4 e6 2. c4 f5 3. Nf3 Nf6 4. g3 Be7 5. Bg2 0-0 6. 0-0 Ne4 7. Nc3 c5 8. d5 Nxc3 9. bxc3 d6 10. Nd2 e5 11. e4 f4 12. Nb3 Bg5 13. Bd2 b6 14. a4 Qe8 15. Nc1 Qg6 16. a5 Nd7 17. Nd3 Ba6 18. Nb2 Nf6 19. gxf4 Bxf4 20. Bxf4 exf4 21. f3 Nd7 22. Qe2 Ne5 23. Kh1 Qh5 24. axb6 axb6 25. Ra4 Bb7 26. Rfa1 Rab8 27. Nd3 Ng6 28. Bf1 Kh8 29. Ne1 Bc8 30. Ra8 Bh3 31. Rxb8 Rxb8 32. Nd3 Bxf1 33. Qxf1 h6 34. Ra2 1/2-1/2

[Event "Moscow op-B 04th"]
[Site "Moscow"]
[Date "2008.02.06"]
[Round "5"]
[White "Rodnov, Sergey"]
[Black "Morozov, Boris Nikolaevich"]
[Result "0-1"]
[WhiteElo "1549"]
[BlackElo "2000"]
[PlyCount "64"]
[EventDate "2008.02.02"]
[EventType "swiss"]
[EventRounds "9"]
[EventCountry "RUS"]
[SourceTitle "CBM 122 Extra"]
[Source "ChessBase"]
[SourceDate "2008.03.04"]
[SourceVersion "1"]
[SourceVersionDate "2008.03.04"]
[SourceQuality "1"]

1. d4 e6 2. Nf3 f5 3. e3 Nf6 4. Bd3 b6 5. 0-0 Bb7 6. Nbd2 c5 7. Re1 d5 8. c3 c4 9. Bf1 Bd6 10. b3 b5 11. a4 a6 12. axb5 axb5 13. Rxa8 Bxa8 14. bxc4 dxc4 15. Qc2 0-0 16. e4 Nxe4 17. Nxe4 Bxe4 18. Qd1 Nd7 19. Ng5 Qf6 20. g3 e5 21. Bh3 Bc6 22. d5 Bb7 23. Ne6 Re8 24. Bg5 Qg6 25. Bg2 Nc5 26. h4 Nd3 27. Re2 Ra8 28. Bf3 e4 29. Nd4 Bxd5 30. Ra2 exf3 31. Rxa8+ Bxa8 32. Nxb5 Bc5 0-1

[Event "Zhukovsky Cup"]
[Site "Zhukovsky"]
[Date "2008.??.??"]
[Round "7"]
[White "Pyhtynov, Oleg"]
[Black "Morozov, Boris Nikolaevich"]
[Result "0-1"]
[WhiteElo "2013"]
[BlackElo "1998"]
[PlyCount "110"]
[EventDate "2008.04.21"]
[EventType "swiss"]
[EventRounds "9"]
[EventCountry "RUS"]
[SourceTitle "EXT 2022"]
[Source "ChessBase"]
[SourceDate "2021.10.06"]
[SourceVersion "1"]
[SourceVersionDate "2021.10.06"]
[SourceQuality "1"]

1. Nf3 Nf6 2. c4 g6 3. Nc3 Bg7 4. g3 0-0 5. Bg2 d6 6. 0-0 Nc6 7. d4 Nh5 8. e3 Bg4 9. h3 Bd7 10. a3 a5 11. b3 f5 12. Bb2 Qc8 13. Kh2 e5 14. dxe5 dxe5 15. Qd2 e4 16. Nd4 Ne5 17. Nd5 Rf7 18. Ne2 g5 19. Ng1 a4 20. Qd1 g4 21. Bxe5 Bxe5 22. Rb1 Ra6 23. h4 Rh6 24. Ne2 Qd8 25. Nef4 c6 26. Nb4 Nxf4 27. exf4 Bxf4 28. Kg1 Bc7 29. Qd2 e3 30. Qxe3 f4 31. Qd2 Rh5 32. Qd3 f3 33. Bh1 Rxh4 34. Rfd1 Rh3 35. Qe4 Qc8 36. Rb2 Bb6 37. Nd3 Rxg3+ 38. Kf1 Rh3 39. Kg1 g3 40. c5 Bc7 41. Bxf3 gxf2+ 42. Rxf2 Rg7+ 43. Rg2 Rxg2+ 44. Bxg2 Rg3 45. Ne1 axb3 46. Qd4 Be6 47. Nf3 Bd5 48. Kf2 Qf5 49. Rd3 Bf4 50. Kf1 h5 51. Nh4 Qf7 52. Bxd5 cxd5 53. Qxd5 Qxd5 54. Rxd5 b2 55. Rd1 Bc1 0-1

[Event "Zhukovsky Cup"]
[Site "Zhukovsky"]
[Date "2008.??.??"]
[Round "9"]
[White "Sidorov, Evgeniy"]
[Black "Morozov, Boris Nikolaevich"]
[Result "0-1"]
[WhiteElo "1970"]
[BlackElo "1998"]
[PlyCount "72"]
[EventDate "2008.04.21"]
[EventType "swiss"]
[EventRounds "9"]
[EventCountry "RUS"]
[SourceTitle "EXT 2022"]
[Source "ChessBase"]
[SourceDate "2021.10.06"]
[SourceVersion "1"]
[SourceVersionDate "2021.10.06"]
[SourceQuality "1"]

1. b3 e5 2. Bb2 Nc6 3. e3 g6 4. f4 Bg7 5. Nf3 d6 6. Bc4 Nh6 7. 0-0 Bg4 8. Bd5 Ne7 9. Bxb7 Rb8 10. Ba6 0-0 11. fxe5 Nc6 12. Be2 Bxf3 13. Bxf3 Nxe5 14. Be2 Nf3+ 15. Bxf3 Bxb2 16. Nc3 Bxa1 17. Qxa1 Qf6 18. Be2 Qe5 19. Bc4 c6 20. Qc1 Ng4 21. g3 Qh5 22. h4 Qe5 23. Rf3 d5 24. d4 Qe6 25. Bd3 f5 26. h5 Rb7 27. Ne2 g5 28. Qd2 Kh8 29. c4 Rbf7 30. Nc3 Rf6 31. cxd5 cxd5 32. Bf1 Re8 33. Nd1 Qf7 34. Nf2 Qxh5 35. Bh3 Nxf2 36. g4 Nxh3+ 0-1

[Event "RUS-Cup2"]
[Site "Moscow"]
[Date "1996.??.??"]
[Round "2"]
[White "Morozov, Boris Nikolaevich"]
[Black "Pogosian, Georgy"]
[Result "0-1"]
[WhiteElo "1865"]
[BlackElo "2205"]
[PlyCount "70"]
[EventDate "1996.11.28"]
[EventType "swiss"]
[EventRounds "9"]
[EventCountry "RUS"]
[SourceTitle "CBM 056 Extra"]
[Source "ChessBase"]
[SourceDate "1997.03.01"]
[SourceVersion "1"]
[SourceVersionDate "1997.03.01"]
[SourceQuality "1"]

1. e4 e6 2. d4 d5 3. Nc3 Bb4 4. e5 Ne7 5. Bd2 0-0 6. Bd3 c5 7. Nf3 Ng6 8. dxc5 Nc6 9. Qe2 Qc7 10. Nb5 Bxd2+ 11. Kxd2 Qa5+ 12. c3 a6 13. Nd6 Qxc5 14. b4 Qb6 15. Nxc8 Raxc8 16. Rae1 Nxb4 17. cxb4 Qxb4+ 18. Kd1 Nf4 19. Qd2 Nxd3 20. Qxd3 Rc3 21. Qd2 Qb1+ 22. Ke2 Qb5+ 23. Kd1 Rd3 24. Qxd3 Qxd3+ 25. Nd2 Rc8 26. Re3 Qc2+ 27. Ke2 Qxa2 28. f4 Rc2 29. Rd3 b5 30. g4 b4 31. Rd1 b3 32. f5 b2 33. Rb1 Qxb1 34. Rb3 Rxd2+ 35. Kxd2 Qc1+ 0-1